000 00298nam a2200121Ia 4500
008 240731s9999 xx 000 0 und d
022 _a1175-0979
245 0 _aSmall Enterprise Research
260 _bRoutledge
856 _uhttps://www.tandfonline.com/loi/rser20
942 _2ddc
942 _cTFEJ
999 _c79402
_d79402
945 _a1
_bMadushi Gamage
_c1
_dMadushi Gamage